Normal view
MARC view
Entry Nome pessoal
001 - NÚMERO DE CONTROLE
- campo de controle: 372
003 - IDENTIFICADOR DO NÚMERO DE CONTROLE
- campo de controle: Br
005 - DATA E HORÁRIO DA ÚLTIMA TRANSAÇÃO
- campo de controle: 20250203085729.0
008 - CAMPO DE DADOS FIXOS
- campo de controle de tamanho fixo: 100032|| acnnnaab| aaaa d
035 ## - NÚMERO DE CONTROLE DO SISTEMA
- Número de Controle do Sistema: 100032204294972106
040 ## - FONTE DA CATALOGAÇÃO
- Instituição da catalogação original: Br
- Instituição que transcreveu o registro: Br
- Convenções de cabeçalho de assunto/tesauros: Br
100 1# - CABEÇALHO--NOME PESSOAL
- Nome pessoal: Diderot, Denis,
- Datas associadas ao nome: 1713-1784
400 1# - REMISSIVA VER--NOME PESSOAL
- Nome pessoal: Didro, Deni
- Datas associadas ao nome: 1713-1784
400 1# - REMISSIVA VER--NOME PESSOAL
- Nome pessoal: D......
- Datas associadas ao nome: 1713-1784
670 ## - FONTE POSITIVA DOS DADOS
- Citação da fonte positiva dos dados: Autor de: A religiosa...[1935]
670 ## - FONTE POSITIVA DOS DADOS
- Citação da fonte positiva dos dados: LC microf. 77/81 set
- Dados encontrados na fonte localizada no subcampo: (D. : rem.; AACR2)
670 ## - FONTE POSITIVA DOS DADOS
- Citação da fonte positiva dos dados: CA/FGV
670 ## - FONTE POSITIVA DOS DADOS
- Citação da fonte positiva dos dados: LC 1942
- Dados encontrados na fonte localizada no subcampo: (D.)
670 ## - FONTE POSITIVA DOS DADOS
- Citação da fonte positiva dos dados: https://pt.wikipedia.org/wiki/Denis_Diderot 18/11/2016
- Dados encontrados na fonte localizada no subcampo: (nasceu em Langres, 5 de outubro de 1713 e faleceu em Paris, 31 de julho de 1784 ; filósofo e escritor francês. Notável durante o Iluminismo, é conhecido por ter sido o co-fundador, editor chefe e contribuidor da Encyclopédie)